[Event "GRE-chT Div-A 38th"]
[Site "Peristeri"]
[Date "2010.07.08"]
[Round "4"]
[White "Homatidis, Panagiotis"]
[Black "Neroulidis, Mihalis"]
[Result "1-0"]
[WhiteElo "2122"]
[BlackElo "1762"]
[PlyCount "93"]
[EventDate "2010.07.05"]
[EventType "team-swiss"]
[EventRounds "7"]
[EventCountry "GRE"]
[SourceTitle "CBM 137 Extra"]
[Source "ChessBase"]
[SourceDate "2010.09.01"]
[SourceVersion "1"]
[SourceVersionDate "2010.09.01"]
[SourceQuality "1"]

1. e4 e5 2. Nf3 Nc6 3. Bb5 a6 4. Ba4 Nf6 5. 0-0 Be7 6. Re1 b5 7. Bb3 d6 8. c3 0-0 9. h3 Re8 10. d4 Na5 11. Bc2 Bf8 12. dxe5 Nd7 13. exd6 cxd6 14. Bf4 Nc4 15. b3 Nce5 16. a4 Bb7 17. Nbd2 Qf6 18. Nxe5 Nxe5 19. Bg3 Rac8 20. Nb1 Rcd8 21. axb5 axb5 22. Qe2 d5 23. Qxb5 Bc6 24. Qb6 Re6 25. Ra5 Rde8 26. Qd4 Qg5 27. Re3 dxe4 28. b4 Rd6 29. Rxe5 Qf6 30. Qc5 Rd1+ 31. Bxd1 Bxc5 32. Rxe8+ Bxe8 33. bxc5 Qc6 34. Bd6 Qd5 35. Bc2 f5 36. Re2 Bb5 37. Rd2 Bd3 38. Bxd3 exd3 39. Kh2 Qb3 40. c6 Qxb1 41. c7 Qb7 42. Rxd3 g5 43. Be5 Kf7 44. Rd8 Qe4 45. c8Q Qxe5+ 46. g3 f4 47. Rf8+ 1-0

[Event "GRE-ch U16"]
[Site "Kallithea"]
[Date "2009.07.01"]
[Round "9"]
[White "Ballas, Kleon Evangelos"]
[Black "Neroulidis, Mihalis"]
[Result "1-0"]
[WhiteElo "1865"]
[BlackElo "1725"]
[PlyCount "67"]
[EventDate "2009.06.25"]
[EventType "swiss"]
[EventRounds "9"]
[EventCountry "GRE"]
[SourceTitle "EXT 2011"]
[Source "ChessBase"]
[SourceDate "2010.11.26"]
[SourceVersion "1"]
[SourceVersionDate "2010.11.26"]
[SourceQuality "1"]

1. d4 d5 2. c4 e6 3. cxd5 exd5 4. Nc3 Nf6 5. Bg5 Be7 6. e3 c6 7. Bd3 0-0 8. Nf3 Nbd7 9. 0-0 Re8 10. Rb1 Nf8 11. b4 a6 12. a4 Bg4 13. Qc2 N6d7 14. Bxe7 Qxe7 15. Nd2 Qg5 16. Kh1 Re6 17. f3 Bh5 18. e4 dxe4 19. Ndxe4 Qe3 20. Rbd1 Bg6 21. f4 Bh5 22. Rd2 Rae8 23. Ng5 Rh6 24. Be4 Bg6 25. Bxg6 Nxg6 26. Re2 Qg3 27. Rxe8+ Ndf8 28. Nh3 Rxh3 29. gxh3 Qxh3 30. Qg2 Qxc3 31. f5 Nh4 32. Qe4 Qh3 33. Re1 Nf3 34. Rxf8+ 1-0

[Event "GRE-ch U16"]
[Site "Kallithea"]
[Date "2008.07.02"]
[Round "7"]
[White "Fragaki, Maria"]
[Black "Neroulidis, Mihalis"]
[Result "1-0"]
[WhiteElo "1886"]
[BlackElo "1806"]
[PlyCount "61"]
[EventDate "2008.06.28"]
[EventType "swiss"]
[EventRounds "9"]
[EventCountry "GRE"]
[SourceTitle "EXT 2010"]
[Source "ChessBase"]
[SourceDate "2010.11.25"]
[SourceVersion "1"]
[SourceVersionDate "2010.11.25"]
[SourceQuality "1"]

1. e4 e5 2. Bc4 Nf6 3. d3 c6 4. Nf3 d5 5. Bb3 Bd6 6. 0-0 0-0 7. Re1 dxe4 8. dxe4 Na6 9. c3 Nc5 10. Bc2 Bg4 11. Nbd2 Qc7 12. Nc4 Rad8 13. Qe2 Ne6 14. h3 Bh5 15. Be3 b6 16. Nxd6 Qxd6 17. Rad1 Qc7 18. Rxd8 Rxd8 19. Rd1 Rxd1+ 20. Qxd1 Bg6 21. Nd2 Nh5 22. Nc4 h6 23. Qd6 Qxd6 24. Nxd6 Nf6 25. f3 Nd7 26. Nc8 b5 27. Nxa7 Nd8 28. a4 bxa4 29. Bxa4 Nb8 30. Bb6 Nb7 31. Nxc6 1-0

[Event "GRE-ch U16"]
[Site "Kallithea"]
[Date "2008.06.29"]
[Round "2"]
[White "Homatidis, Panagiotis"]
[Black "Neroulidis, Mihalis"]
[Result "1-0"]
[WhiteElo "2071"]
[BlackElo "1806"]
[PlyCount "45"]
[EventDate "2008.06.28"]
[EventType "swiss"]
[EventRounds "9"]
[EventCountry "GRE"]
[SourceTitle "EXT 2010"]
[Source "ChessBase"]
[SourceDate "2010.11.25"]
[SourceVersion "1"]
[SourceVersionDate "2010.11.25"]
[SourceQuality "1"]

1. e4 e5 2. Nc3 Nf6 3. Bc4 Nc6 4. d3 Bb4 5. a3 Ba5 6. Nge2 h6 7. 0-0 0-0 8. f4 d6 9. f5 Ne7 10. Ng3 Bxc3 11. bxc3 d5 12. exd5 Nexd5 13. Bd2 Re8 14. Qf3 c6 15. Nh5 e4 16. Nxf6+ Nxf6 17. Qg3 Kf8 18. Be3 Qa5 19. Bd4 Bxf5 20. Qd6+ Kg8 21. Bxf6 gxf6 22. Qxf6 Bg6 23. Qxg6+ 1-0